[Event "Wolrd Chess Olympiad 2018"]
[Site "Batumi"]
[Date "2018.09.26"]
[Round "3"]
[Board "1"]
[WhiteFideId "10002235"]
[White "Mdoe Yusuf"]
[BlackFideId "19900023"]
[Black "Aw Ousmane"]
[Result "1-0"]
[LiveChessVersion "1.4.8"]
[BlackElo "1880"]
[WhiteElo "1771"]

1. e4 {[%clk 1:30:41]} e5 {[%clk 1:30:50]} 2. c3 {[%clk 1:31:02]} d5
{[%clk 1:29:30]} 3. Nf3 {[%clk 1:30:37]} dxe4 {[%clk 1:25:37]} 4. Qa4+
{[%clk 1:30:54]} Bd7 {[%clk 1:25:27]} 5. Qxe4 {[%clk 1:31:02]} Nc6
{[%clk 1:20:08]} 6. Bb5 {[%clk 1:28:03]} Nf6 {[%clk 1:19:44]} 7. Qc4
{[%clk 1:25:21]} Bd6 {[%clk 1:14:46]} 8. Ba4 {[%clk 1:21:37]} O-O 9. Bc2 e4
{[%clk 1:11:35]} 10. Ng5 {[%clk 1:19:56]} Ne5 {[%clk 1:09:56]} 11. Qd4
{[%clk 1:15:21]} Qe7 {[%clk 1:02:53]} 12. Nxe4 {[%clk 1:13:18]} Nxe4
{[%clk 0:56:57]} 13. Qxe4 {[%clk 1:13:35]} f5 {[%clk 0:55:00]} 14. Qe3
{[%clk 1:13:44]} Qf6 {[%clk 0:54:33]} 15. h3 {[%clk 0:51:55]} Nc4
{[%clk 0:54:18]} 16. Qd4 Rae8+ 17. Kd1 {[%clk 0:48:34]} Qe6 {[%clk 0:40:35]} 18.
Bb3 {[%clk 0:48:35]} b5 {[%clk 0:40:15]} 19. Na3 {[%clk 0:46:53]} Qe2+
{[%clk 0:36:40]} 20. Kc2 {[%clk 0:45:44]} Kh8 {[%clk 0:31:29]} 21. Nxc4
{[%clk 0:45:58]} bxc4 {[%clk 0:28:24]} 22. Bxc4 {[%clk 0:46:01]} Qe7
{[%clk 0:28:10]} 23. b4 {[%clk 0:44:18]} c5 {[%clk 0:27:50]} 24. bxc5
{[%clk 0:43:46]} Bxc5 {[%clk 0:28:08]} 25. Qf4 {[%clk 0:42:57]} g5
{[%clk 0:27:24]} 26. Qf3 {[%clk 0:42:58]} Rc8 {[%clk 0:25:52]} 27. a4
{[%clk 0:38:34]} Bc6 {[%clk 0:14:01]} 28. Qe2 {[%clk 0:37:23]} Qxe2
{[%clk 0:13:07]} 29. Bxe2 {[%clk 0:37:18]} Bxf2 {[%clk 0:12:16]} 30. Rf1
{[%clk 0:34:16]} Bg3 {[%clk 0:11:57]} 31. Bf3 {[%clk 0:34:18]} Bxf3
{[%clk 0:08:25]} 32. Rxf3 {[%clk 0:34:34]} Bd6 {[%clk 0:08:10]} 33. Bb2
{[%clk 0:33:49]} f4 {[%clk 0:07:44]} 34. Rd3 Rcd8 35. Re1 {[%clk 0:31:29]} Bc5
{[%clk 0:05:19]} 36. Re5 {[%clk 0:31:31]} Rxd3 {[%clk 0:02:39]} 37. Kxd3
{[%clk 0:31:30]} Rb8 {[%clk 0:03:00]} 38. Kc2 {[%clk 0:31:17]} Bd6
{[%clk 0:02:42]} 39. Rxg5 {[%clk 0:31:01]} h6 {[%clk 0:02:52]} 40. Rg6
{[%clk 0:29:54]} Bf8 {[%clk 0:03:15]} 41. Rf6 {[%clk 0:29:31]} Kh7
{[%clk 0:02:29]} 42. Rxf4 {[%clk 0:29:28]} Kg6 {[%clk 0:02:40]} 43. c4
{[%clk 0:58:19]} Bb4 {[%clk 0:31:11]} 44. d4 {[%clk 0:57:43]} Kg5
{[%clk 0:30:00]} 45. g3 {[%clk 0:57:13]} Bd6 {[%clk 0:28:35]} 46. Rg4+
{[%clk 0:57:05]} Kf5 {[%clk 0:28:40]} 47. c5 {[%clk 0:55:38]} h5 {[%clk 0:26:54]}
48. Rg7 {[%clk 0:55:19]} Kf6 {[%clk 0:27:14]} 49. Rxa7 {[%clk 0:54:51]} Bxg3
{[%clk 0:27:27]} 50. d5+ {[%clk 0:54:09]} Kf5 {[%clk 0:27:27]} 51. Bc3
{[%clk 0:51:13]} Ke4 {[%clk 0:25:08]} 52. d6 {[%clk 0:50:28]} Kd5
{[%clk 0:25:35]} 53. Rg7 {[%clk 0:48:23]} h4 54. Rg5+ {[%clk 0:43:13]} Kc6
{[%clk 0:22:29]} 55. Kd3 {[%clk 0:41:15]} Rf8 {[%clk 0:21:37]} 56. Kc4
{[%clk 0:40:06]} Rf4+ {[%clk 0:18:22]} 57. Bd4 {[%clk 0:39:33]} Be1
{[%clk 0:15:09]} 58. Rd5 {[%clk 0:39:02]} Rf7 {[%clk 0:12:09]} 59. Re5
{[%clk 0:37:39]} Ba5 {[%clk 0:10:08]} 60. Re7 {[%clk 0:36:31]} Rf1
{[%clk 0:09:25]} 61. Ra7 {[%clk 0:35:34]} Bd8 {[%clk 0:06:55]} 62. Ra8
{[%clk 0:33:42]} Rc1+ {[%clk 0:03:17]} 63. Kd3 {[%clk 0:34:02]} Bg5
{[%clk 0:03:32]} 64. Ke4 {[%clk 0:33:33]} Rc4 {[%clk 0:03:15]} 65. Ra6+
{[%clk 0:26:57]} Kd7 {[%clk 0:03:32]} 66. Kd5 {[%clk 0:26:33]} Rb4
{[%clk 0:03:07]} 67. c6+ {[%clk 0:25:16]} 1-0

[Event "Wolrd Chess Olympiad 2018"]
[Site "Batumi"]
[Date "2018.09.26"]
[Round "3"]
[Board "2"]
[WhiteFideId "19900058"]
[White "Gueye Elhadji Gorgui"]
[BlackFideId "10002251"]
[Black "Mlawa Hemed"]
[Result "0-1"]
[LiveChessVersion "1.4.8"]
[BlackElo "1828"]
[WhiteElo "2026"]

1. d4 {[%clk 1:30:54]} d5 {[%clk 1:30:44]} 2. Nf3 {[%clk 1:31:14]} e6
{[%clk 1:31:02]} 3. g3 {[%clk 1:31:38]} Nf6 {[%clk 1:31:17]} 4. Bg2
{[%clk 1:32:02]} Bb4+ {[%clk 1:31:31]} 5. c3 {[%clk 1:31:49]} Be7
{[%clk 1:31:53]} 6. O-O {[%clk 1:32:12]} c6 {[%clk 1:31:18]} 7. Nbd2
{[%clk 1:30:47]} O-O {[%clk 1:31:08]} 8. Re1 {[%clk 1:30:35]} b6 {[%clk 1:30:20]}
9. e4 {[%clk 1:28:19]} dxe4 {[%clk 1:30:40]} 10. Nxe4 {[%clk 1:28:32]} Nbd7
{[%clk 1:30:50]} 11. Qc2 {[%clk 1:27:29]} Bb7 {[%clk 1:31:03]} 12. Bd2
{[%clk 1:19:26]} Rc8 {[%clk 1:31:17]} 13. Rad1 {[%clk 1:19:46]} c5
{[%clk 1:20:07]} 14. Nxf6+ {[%clk 1:19:25]} Nxf6 {[%clk 1:20:28]} 15. dxc5
{[%clk 1:15:23]} Bxc5 {[%clk 1:20:46]} 16. Bg5 {[%clk 1:14:58]} Qe7
{[%clk 1:20:49]} 17. h4 {[%clk 1:05:25]} h6 {[%clk 1:20:46]} 18. Bxf6
{[%clk 1:02:33]} Qxf6 {[%clk 1:20:58]} 19. Ne5 {[%clk 1:00:19]} Bxg2
{[%clk 1:18:08]} 20. Kxg2 {[%clk 1:00:34]} Rfd8 {[%clk 1:16:41]} 21. Nf3
{[%clk 0:50:19]} Rxd1 {[%clk 1:02:21]} 22. Rxd1 {[%clk 0:50:30]} Rd8
{[%clk 1:02:36]} 23. Rxd8+ {[%clk 0:50:21]} Qxd8 {[%clk 1:02:57]} 24. Qd2
{[%clk 0:50:05]} Qa8 {[%clk 1:00:39]} 25. Qe2 {[%clk 0:48:41]} Qd5
{[%clk 0:59:43]} 26. c4 {[%clk 0:46:16]} Qc6 {[%clk 0:58:15]} 27. Kg1
{[%clk 0:45:41]} a5 {[%clk 0:56:54]} 28. Qd3 {[%clk 0:32:59]} Qc7
{[%clk 0:47:56]} 29. Kf1 {[%clk 0:32:13]} Qe7 {[%clk 0:38:19]} 30. Ne5
{[%clk 0:14:20]} Qf6 {[%clk 0:38:36]} 31. f4 {[%clk 0:14:21]} Qf5
{[%clk 0:24:42]} 32. Qxf5 {[%clk 0:13:31]} exf5 {[%clk 0:25:09]} 33. b3
{[%clk 0:10:58]} f6 {[%clk 0:24:57]} 34. Nd3 {[%clk 0:10:13]} Bd4
{[%clk 0:23:19]} 35. Ke1 {[%clk 0:07:43]} Kf7 {[%clk 0:23:28]} 36. Kd1
{[%clk 0:06:34]} g5 {[%clk 0:23:39]} 37. a3 {[%clk 0:06:04]} gxh4
{[%clk 0:23:49]} 38. gxh4 {[%clk 0:06:15]} Kg6 {[%clk 0:24:12]} 39. b4
{[%clk 0:05:13]} axb4 {[%clk 0:24:35]} 40. axb4 {[%clk 0:35:30]} Kh5
{[%clk 0:54:56]} 41. c5 {[%clk 0:35:02]} bxc5 {[%clk 0:54:59]} 42. bxc5
{[%clk 0:35:05]} Kxh4 {[%clk 0:55:10]} 43. c6 {[%clk 0:34:35]} Bb6
{[%clk 0:55:30]} 44. Nb4 {[%clk 0:25:34]} Kg3 {[%clk 0:51:11]} 45. Nd5
{[%clk 0:25:33]} Bd8 {[%clk 0:49:51]} 46. Ke2 {[%clk 0:16:13]} h5
{[%clk 0:49:59]} 47. Nxf6 {[%clk 0:06:12]} h4 {[%clk 0:50:15]} 48. Nh5+
{[%clk 0:06:03]} Kg4 {[%clk 0:50:03]} 49. Ng7 {[%clk 0:05:58]} h3
{[%clk 0:50:00]} 50. Kf1 {[%clk 0:05:44]} Bb6 {[%clk 0:50:18]} 51. Ne6
{[%clk 0:03:17]} Kg3 {[%clk 0:49:37]} 52. Nd4 {[%clk 0:02:25]} Bxd4
{[%clk 0:49:44]} 53. c7 {[%clk 0:02:50]} h2 {[%clk 0:50:07]} 54. c8=Q
{[%clk 0:03:08]} h1=Q+ {[%clk 0:50:00]} 55. Ke2 {[%clk 0:01:40]} Qf3+
{[%clk 0:50:20]} 0-1

[Event "World Chess Olympiad 2018"]
[Site "Batumi"]
[Date "2018.09.26"]
[Round "3"]
[Board "1"]
[WhiteFideId "21200149"]
[White "Ephoevi-Ga Adama Mawulikplimi"]
[BlackFideId "11900270"]
[Black "Marckens Jean Louis"]
[Result "0-1"]
[LiveChessVersion "1.4.8"]
[BlackElo "1992"]
[WhiteElo "1848"]

1. c4 {[%clk 1:30:54]} e5 {[%clk 1:30:48]} 2. Nc3 {[%clk 1:30:56]} Nf6
{[%clk 1:30:38]} 3. g3 {[%clk 1:28:48]} d5 {[%clk 1:30:39]} 4. cxd5
{[%clk 1:28:11]} Nxd5 {[%clk 1:31:05]} 5. Bg2 {[%clk 1:28:10]} Nb6
{[%clk 1:31:00]} 6. Nf3 {[%clk 1:27:46]} Nc6 {[%clk 1:29:06]} 7. O-O
{[%clk 1:26:01]} Be7 {[%clk 1:28:33]} 8. d3 {[%clk 1:23:41]} O-O {[%clk 1:28:23]}
9. Rb1 {[%clk 1:18:26]} Be6 {[%clk 1:28:04]} 10. a3 {[%clk 1:15:29]} f6
{[%clk 1:27:44]} 11. b4 {[%clk 1:14:58]} Qd7 {[%clk 1:26:11]} 12. Re1
{[%clk 1:09:52]} Kh8 {[%clk 1:25:06]} 13. Be3 {[%clk 1:08:23]} Rad8
{[%clk 1:24:41]} 14. Bc5 {[%clk 1:06:19]} Nd5 {[%clk 1:21:10]} 15. Nxd5
{[%clk 1:01:32]} Bxd5 {[%clk 1:21:09]} 16. Qc2 {[%clk 1:00:46]} b6
{[%clk 1:18:36]} 17. Bxe7 {[%clk 0:58:42]} Nxe7 {[%clk 1:18:35]} 18. Rec1
{[%clk 0:57:53]} Rc8 {[%clk 1:18:18]} 19. Nd2 {[%clk 0:50:26]} Bxg2
{[%clk 1:17:19]} 20. Kxg2 {[%clk 0:50:45]} c5 {[%clk 1:17:41]} 21. Qb2
{[%clk 0:45:12]} cxb4 {[%clk 1:15:50]} 22. axb4 {[%clk 0:44:49]} Rxc1
{[%clk 1:15:15]} 23. Rxc1 {[%clk 0:44:22]} Rc8 {[%clk 1:15:11]} 24. Rc4
{[%clk 0:38:00]} Qd5+ {[%clk 1:13:36]} 25. Kg1 {[%clk 0:32:40]} b5
{[%clk 1:11:57]} 26. Rxc8+ {[%clk 0:30:05]} Nxc8 {[%clk 1:12:25]} 27. Qc3
{[%clk 0:29:11]} Qd7 {[%clk 1:10:40]} 28. Ne4 {[%clk 0:26:42]} Nb6
{[%clk 1:03:09]} 29. Qc5 {[%clk 0:24:46]} h5 {[%clk 1:00:03]} 30. Nc3
{[%clk 0:20:04]} h4 {[%clk 0:59:02]} 31. Qxb5 {[%clk 0:16:33]} Qe6
{[%clk 0:58:51]} 32. Qc5 {[%clk 0:13:46]} h3 {[%clk 0:58:10]} 33. f3
{[%clk 0:12:14]} a6 {[%clk 0:54:23]} 34. Kf2 {[%clk 0:11:00]} Nd7
{[%clk 0:51:36]} 35. Qc4 {[%clk 0:08:57]} Qb6+ {[%clk 0:51:08]} 36. e3
{[%clk 0:08:21]} Qd6 {[%clk 0:49:27]} 37. Qh4+ {[%clk 0:02:47]} Kg8
{[%clk 0:49:35]} 38. Qxh3 {[%clk 0:03:06]} Qxd3 {[%clk 0:49:43]} 39. Qe6+
{[%clk 0:02:57]} Kh7 {[%clk 0:49:34]} 40. Qh3+ {[%clk 0:02:16]} Kg6
{[%clk 0:49:24]} 41. Qg4+ {[%clk 0:00:35]} Kf7 {[%clk 0:49:24]} 42. Ne2
{[%clk 0:26:41]} Nb6 {[%clk 1:15:11]} 43. Qh5+ {[%clk 0:22:42]} Ke7
{[%clk 1:11:10]} 44. Qg4 {[%clk 0:19:11]} g6 {[%clk 1:04:04]} 45. Qh3
{[%clk 0:06:44]} Nd5 {[%clk 0:55:44]} 46. Qh7+ {[%clk 0:05:55]} Kd6
{[%clk 0:54:55]} 47. Qa7 {[%clk 0:05:20]} Nxb4 {[%clk 0:53:52]} 48. Qb8+
{[%clk 0:04:50]} Kc5 {[%clk 0:53:45]} 49. Qa7+ {[%clk 0:03:09]} Kb5
{[%clk 0:52:40]} 50. Qb7+ {[%clk 0:02:31]} Ka4 {[%clk 0:52:05]} 51. Qc7
{[%clk 0:02:03]} Qxe3+ {[%clk 0:50:40]} 52. Kxe3 {[%clk 0:01:49]} Nd5+
{[%clk 0:51:07]} 53. Ke4 {[%clk 0:01:51]} Nxc7 {[%clk 0:51:19]} 54. f4
{[%clk 0:02:00]} exf4 {[%clk 0:50:38]} 55. Nxf4 {[%clk 0:02:02]} g5
{[%clk 0:49:45]} 56. Nd3 {[%clk 0:01:59]} Kb5 {[%clk 0:47:17]} 57. h4
{[%clk 0:01:58]} gxh4 {[%clk 0:46:39]} 58. gxh4 {[%clk 0:02:26]} Ne6
{[%clk 0:46:09]} 59. Kf5 {[%clk 0:01:25]} Nf8 {[%clk 0:44:25]} 60. Kxf6
{[%clk 0:01:24]} a5 {[%clk 0:44:52]} 61. Kf5 {[%clk 0:01:07]} a4 {[%clk 0:45:05]}
62. Ne1 {[%clk 0:00:49]} Kc4 {[%clk 0:44:15]} 63. Ke4 {[%clk 0:01:03]} Kc3
{[%clk 0:44:19]} 64. Nd3 {[%clk 0:00:40]} a3 {[%clk 0:44:30]} 65. Nc5
{[%clk 0:00:39]} a2 {[%clk 0:44:30]} 66. Na4+ {[%clk 0:00:37]} Kb4
{[%clk 0:44:47]} 67. Nb2 {[%clk 0:00:34]} a1=Q {[%clk 0:44:48]} 68. Nd3+
{[%clk 0:00:51]} Kb5 {[%clk 0:44:46]} 0-1

[Event "World Chess Olympiad 2018"]
[Site "Batumi"]
[Date "2018.09.26"]
[Round "3"]
[Board "1"]
[WhiteFideId "10609431"]
[White "Bongo Akanga Ndjila Barthelemy"]
[BlackFideId "10400222"]
[Black "Karelina Polina"]
[Result "1/2-1/2"]
[LiveChessVersion "1.4.8"]
[BlackElo "1631"]
[WhiteElo "1765"]

1. d4 {[%clk 1:30:23]} Nf6 {[%clk 1:30:50]} 2. c4 {[%clk 1:30:47]} g6
{[%clk 1:31:09]} 3. Nc3 {[%clk 1:31:12]} Bg7 {[%clk 1:31:32]} 4. e4
{[%clk 1:31:40]} d6 {[%clk 1:31:45]} 5. Be2 {[%clk 1:32:06]} O-O {[%clk 1:31:47]}
6. Nf3 {[%clk 1:32:24]} e5 {[%clk 1:29:46]} 7. d5 {[%clk 1:32:11]} Nbd7
{[%clk 1:29:46]} 8. Be3 {[%clk 1:28:27]} Ng4 {[%clk 1:29:20]} 9. Bg5
{[%clk 1:28:48]} f6 {[%clk 1:28:22]} 10. Bd2 {[%clk 1:28:38]} a5 {[%clk 1:27:57]}
11. Qc1 {[%clk 1:28:48]} f5 {[%clk 1:23:38]} 12. Bg5 {[%clk 1:19:16]} Ngf6
{[%clk 1:20:24]} 13. exf5 {[%clk 1:19:14]} gxf5 {[%clk 1:20:40]} 14. Bh6
{[%clk 1:19:36]} Qe7 {[%clk 1:17:20]} 15. Qg5 {[%clk 1:16:01]} Nc5
{[%clk 1:13:35]} 16. O-O {[%clk 1:15:18]} Qf7 {[%clk 1:12:11]} 17. Nb5
{[%clk 1:14:14]} Ne8 {[%clk 1:11:06]} 18. Bxg7 {[%clk 1:08:55]} Nxg7
{[%clk 1:00:13]} 19. Nd2 {[%clk 1:05:22]} Kh8 {[%clk 0:56:21]} 20. f4
{[%clk 1:01:07]} e4 {[%clk 0:48:54]} 21. Qg3 {[%clk 0:59:50]} Qe7
{[%clk 0:45:28]} 22. Nb3 {[%clk 0:59:17]} Nxb3 {[%clk 0:43:36]} 23. Qxb3
{[%clk 0:59:36]} c6 {[%clk 0:42:53]} 24. Nd4 {[%clk 0:58:00]} cxd5
{[%clk 0:35:49]} 25. cxd5 {[%clk 0:58:15]} Ne8 {[%clk 0:33:59]} 26. Bh5
{[%clk 0:56:55]} Nf6 {[%clk 0:33:53]} 27. Be2 {[%clk 0:57:02]} a4
{[%clk 0:29:01]} 28. Qa3 {[%clk 0:47:11]} Nxd5 {[%clk 0:27:28]} 29. Rad1
{[%clk 0:46:28]} Nc7 {[%clk 0:25:10]} 30. Nc2 {[%clk 0:44:38]} Rd8
{[%clk 0:23:58]} 31. Ne3 {[%clk 0:44:43]} Qf6 {[%clk 0:22:49]} 32. Rc1
{[%clk 0:44:17]} Ne8 {[%clk 0:21:24]} 33. Rfd1 {[%clk 0:44:29]} Be6
{[%clk 0:18:59]} 34. Bb5 {[%clk 0:44:31]} Qf7 {[%clk 0:14:31]} 35. Bxe8
{[%clk 0:40:09]} Rxe8 {[%clk 0:14:02]} 36. Qxd6 {[%clk 0:39:54]} Re7
{[%clk 0:10:40]} 37. Rc5 {[%clk 0:36:04]} Rf8 {[%clk 0:08:29]} 38. g3
{[%clk 0:27:19]} Kg8 {[%clk 0:07:46]} 39. Nxf5 {[%clk 0:26:26]} Bxf5
{[%clk 0:07:51]} 40. Rxf5 {[%clk 0:56:55]} Qxf5 {[%clk 0:38:05]} 41. Qxe7
{[%clk 0:57:18]} Qg6 {[%clk 0:35:45]} 42. Rd7 {[%clk 0:52:55]} Re8
{[%clk 0:33:25]} 43. Qg5 {[%clk 0:52:24]} Qxg5 {[%clk 0:33:25]} 44. fxg5
{[%clk 0:52:53]} e3 {[%clk 0:32:22]} 45. Kf1 {[%clk 0:53:21]} Rf8+
{[%clk 0:32:04]} 46. Ke1 {[%clk 0:50:22]} b5 {[%clk 0:29:40]} 47. Rd5
{[%clk 0:49:43]} Rf2 {[%clk 0:29:41]} 48. Rxb5 {[%clk 0:50:05]} Rxh2
{[%clk 0:30:01]} 49. Rb4 {[%clk 0:47:34]} a3 {[%clk 0:29:33]} 50. bxa3
{[%clk 0:47:51]} Rxa2 {[%clk 0:29:50]} 51. Rb3 {[%clk 0:48:07]} e2
{[%clk 0:29:55]} 52. Rb8+ {[%clk 0:41:37]} Kg7 {[%clk 0:30:01]} 53. Ra8
{[%clk 0:42:06]} Kg6 {[%clk 0:29:29]} 54. Ra5 {[%clk 0:42:33]} Kh5
{[%clk 0:28:02]} 55. Kf2 {[%clk 0:40:33]} Kg4 {[%clk 0:27:00]} 56. Ra8
{[%clk 0:26:44]} Kxg5 {[%clk 0:26:51]} 57. a4 {[%clk 0:27:06]} Kg4
{[%clk 0:23:17]} 58. a5 {[%clk 0:27:22]} e1=Q+ {[%clk 0:23:15]} 59. Kxe1
{[%clk 0:27:51]} Kxg3 {[%clk 0:23:34]} 60. a6 {[%clk 0:28:01]} h5
{[%clk 0:23:41]} 61. a7 {[%clk 0:28:23]} Kh3 {[%clk 0:23:44]} 62. Kf1
{[%clk 0:28:31]} Kh4 {[%clk 0:23:07]} 63. Ke1 Kh3 64. Kd1 {[%clk 0:28:22]} Kh4
{[%clk 0:23:14]} 65. Kc1 {[%clk 0:28:48]} Kh3 {[%clk 0:23:34]} 66. Kb1
{[%clk 0:29:12]} Ra6 {[%clk 0:22:38]} 67. Kb2 {[%clk 0:29:41]} h4
{[%clk 0:22:39]} 68. Kb3 Kh2 {[%clk 0:22:43]} 69. Kb4 {[%clk 0:30:26]} h3
{[%clk 0:22:53]} 70. Kb5 {[%clk 0:30:47]} Ra1 {[%clk 0:23:17]} 71. Kb6
{[%clk 0:30:02]} 1/2-1/2

[Event "World Chess Olympiad 2018"]
[Site "Batumi"]
[Date "2018.09.26"]
[Round "3"]
[Board "1"]
[WhiteFideId "16600037"]
[White "Montel Jr Cyril Tomas"]
[BlackFideId "11503017"]
[Black "Miqdad Fadi"]
[Result "1-0"]
[LiveChessVersion "1.4.8"]
[BlackElo "1964"]
[WhiteElo "1882"]

1. c4 {[%clk 1:30:50]} Nf6 {[%clk 1:30:11]} 2. Nc3 {[%clk 1:30:57]} c5
{[%clk 1:29:48]} 3. g3 {[%clk 1:30:48]} Nc6 {[%clk 1:30:07]} 4. Nf3
{[%clk 1:30:45]} g6 {[%clk 1:29:44]} 5. Bg2 {[%clk 1:30:54]} d6 {[%clk 1:29:32]}
6. O-O {[%clk 1:30:44]} Bg7 {[%clk 1:29:30]} 7. d3 {[%clk 1:29:33]} e6
{[%clk 1:29:18]} 8. Bg5 {[%clk 1:29:11]} h6 {[%clk 1:26:57]} 9. Bxf6
{[%clk 1:28:01]} Bxf6 {[%clk 1:27:00]} 10. Rb1 {[%clk 1:28:15]} O-O
{[%clk 1:26:39]} 11. Qd2 {[%clk 1:28:06]} Bg7 {[%clk 1:25:30]} 12. a3
{[%clk 1:28:20]} Qa5 {[%clk 1:17:19]} 13. Ne1 {[%clk 1:26:45]} Bd7
{[%clk 1:15:30]} 14. Nc2 {[%clk 1:27:00]} Rac8 {[%clk 1:05:55]} 15. b4
{[%clk 1:25:37]} Bxc3 {[%clk 1:04:54]} 16. Qxc3 {[%clk 1:25:33]} cxb4
{[%clk 1:04:54]} 17. axb4 {[%clk 1:25:19]} Qc7 {[%clk 1:05:07]} 18. b5
{[%clk 1:24:24]} Ne7 {[%clk 1:04:42]} 19. Qf6 {[%clk 1:22:09]} Rfe8
{[%clk 0:58:05]} 20. Ne3 {[%clk 1:21:27]} Nf5 {[%clk 0:50:42]} 21. h4
{[%clk 1:09:35]} h5 {[%clk 0:29:11]} 22. g4 {[%clk 1:05:53]} Ng7 {[%clk 0:29:10]}
23. Ra1 {[%clk 1:05:53]} b6 {[%clk 0:28:19]} 24. Ra2 {[%clk 1:05:33]} Qb8
{[%clk 0:27:46]} 25. Bf3 {[%clk 1:02:34]} e5 {[%clk 0:24:18]} 26. Nd5
{[%clk 0:59:18]} Re6 {[%clk 0:22:17]} 27. Qg5 {[%clk 0:58:46]} hxg4
{[%clk 0:14:53]} 28. Bg2 {[%clk 0:53:35]} Nf5 {[%clk 0:03:39]} 29. Nf6+
{[%clk 0:51:03]} Kg7 {[%clk 0:03:53]} 30. Nxd7 {[%clk 0:47:42]} Qc7
{[%clk 0:04:15]} 31. Rfa1 {[%clk 0:47:39]} Qxd7 {[%clk 0:04:17]} 32. Rxa7
{[%clk 0:47:19]} Rc7 {[%clk 0:04:45]} 33. Ra8 {[%clk 0:40:43]} Rc8
{[%clk 0:01:58]} 34. R1a7 {[%clk 0:34:18]} Qe8 {[%clk 0:02:09]} 35. Bd5
{[%clk 0:32:53]} Rf6 {[%clk 0:00:54]} 36. h5 {[%clk 0:23:53]} Rxa8
{[%clk 0:01:15]} 37. Bxa8 {[%clk 0:24:03]} Qc8 {[%clk 0:01:03]} 38. Be4
{[%clk 0:20:56]} g3 {[%clk 0:00:51]} 39. Bxf5 {[%clk 0:14:07]} gxf2+
{[%clk 0:01:10]} 40. Kf1 {[%clk 0:43:33]} Rxf5 {[%clk 0:31:09]} 41. Qg4
{[%clk 0:42:17]} g5 {[%clk 0:11:13]} 42. e4 {[%clk 0:37:28]} Qb8 {[%clk 0:06:55]}
43. exf5 {[%clk 0:33:23]} Qxa7 {[%clk 0:06:47]} 44. Qxg5+ {[%clk 0:33:32]} Kf8
{[%clk 0:02:11]} 45. f6 {[%clk 0:30:38]} Qa1+ {[%clk 0:01:37]} 46. Kxf2
{[%clk 0:31:00]} Qd4+ {[%clk 0:01:36]} 47. Qe3 {[%clk 0:29:56]} Qh4+
{[%clk 0:01:34]} 48. Ke2 {[%clk 0:27:17]} Qxh5+ {[%clk 0:01:56]} 49. Qf3
{[%clk 0:27:35]} Qh2+ {[%clk 0:01:49]} 50. Kf1 {[%clk 0:25:25]} Kg8
{[%clk 0:01:07]} 51. Qg4+ {[%clk 0:25:39]} 1-0

[Event "World Chess Olympiad 2018"]
[Site "Batumi"]
[Date "2018.09.26"]
[Round "3"]
[Board "2"]
[WhiteFideId "11502398"]
[White "Wazwaz Amjad"]
[BlackFideId "16601661"]
[Black "Tan Santiago Jr"]
[Result "1-0"]
[LiveChessVersion "1.4.8"]
[BlackElo "1823"]
[WhiteElo "1986"]

1. Nf3 {[%clk 1:30:39]} d6 {[%clk 1:30:34]} 2. e4 {[%clk 1:30:52]} e6
{[%clk 1:30:49]} 3. d4 {[%clk 1:31:15]} Nd7 {[%clk 1:30:48]} 4. Bc4
{[%clk 1:30:41]} Ne7 {[%clk 1:30:09]} 5. O-O {[%clk 1:28:04]} Ng6
{[%clk 1:29:03]} 6. Nc3 {[%clk 1:27:05]} Be7 {[%clk 1:27:58]} 7. Qe2
{[%clk 1:27:22]} O-O {[%clk 1:27:43]} 8. Bd2 {[%clk 1:27:03]} c6 {[%clk 1:26:44]}
9. Rad1 {[%clk 1:27:12]} Qc7 {[%clk 1:26:25]} 10. Rfe1 {[%clk 1:26:49]} e5
{[%clk 1:25:25]} 11. Bb3 {[%clk 1:26:49]} a6 {[%clk 1:25:11]} 12. Be3
{[%clk 1:24:52]} b5 {[%clk 1:23:36]} 13. dxe5 {[%clk 1:21:43]} dxe5
{[%clk 1:22:45]} 14. Ng5 {[%clk 1:19:53]} Nf6 {[%clk 1:21:47]} 15. h3
{[%clk 1:16:14]} h6 {[%clk 1:19:41]} 16. Nf3 {[%clk 1:15:43]} Nh7
{[%clk 1:13:27]} 17. Rd3 {[%clk 1:13:03]} a5 {[%clk 1:11:14]} 18. a3
{[%clk 1:10:15]} b4 {[%clk 1:10:37]} 19. axb4 {[%clk 1:09:36]} axb4
{[%clk 1:10:49]} 20. Na4 {[%clk 1:08:59]} Ba6 {[%clk 1:11:03]} 21. Nb6
{[%clk 1:08:57]} Rad8 {[%clk 1:06:55]} 22. Nc4 {[%clk 1:08:10]} c5
{[%clk 1:02:10]} 23. Red1 {[%clk 1:07:30]} Rd4 {[%clk 1:00:05]} 24. Bxd4
{[%clk 1:01:59]} cxd4 {[%clk 1:00:13]} 25. Nfd2 {[%clk 1:01:22]} Bg5
{[%clk 0:58:23]} 26. Rf3 {[%clk 1:00:30]} Nf4 {[%clk 0:56:33]} 27. Qf1
{[%clk 1:00:32]} Bf6 {[%clk 0:51:29]} 28. Ra1 {[%clk 0:59:40]} Bb5
{[%clk 0:51:27]} 29. g3 {[%clk 0:55:45]} Ne6 {[%clk 0:51:32]} 30. Ba4
{[%clk 0:55:19]} Ba6 {[%clk 0:51:25]} 31. b3 {[%clk 0:53:39]} Nc5
{[%clk 0:51:34]} 32. h4 {[%clk 0:53:10]} Bc8 {[%clk 0:50:58]} 33. g4
{[%clk 0:50:15]} Bxg4 {[%clk 0:51:11]} 34. Rg3 {[%clk 0:49:59]} h5
{[%clk 0:50:56]} 35. f3 {[%clk 0:47:13]} Be6 {[%clk 0:50:04]} 36. Qg2
{[%clk 0:46:52]} g6 {[%clk 0:50:09]} 37. Qh2 {[%clk 0:42:06]} Ra8
{[%clk 0:46:12]} 38. Nb2 {[%clk 0:40:15]} Bd7 {[%clk 0:38:57]} 39. Ndc4
{[%clk 0:35:55]} Bxa4 {[%clk 0:38:50]} 40. bxa4 {[%clk 1:06:13]} Ra6
{[%clk 1:04:53]} 41. a5 {[%clk 1:05:19]} Qa7 {[%clk 1:05:13]} 42. Kh1
{[%clk 1:04:47]} Nf8 {[%clk 0:58:38]} 43. Rgg1 {[%clk 1:04:56]} Qe7
{[%clk 0:58:31]} 44. Nb6 {[%clk 1:04:35]} Bg7 {[%clk 0:58:19]} 45. Nd5
{[%clk 1:04:42]} Qd8 {[%clk 0:58:19]} 46. Nc4 {[%clk 1:04:21]} b3
{[%clk 0:57:16]} 47. cxb3 {[%clk 1:00:57]} Nxb3 {[%clk 0:57:24]} 48. Ra3
{[%clk 1:01:14]} Nc5 {[%clk 0:57:25]} 49. Rb1 {[%clk 1:00:11]} Nfe6
{[%clk 0:49:06]} 50. Rb6 {[%clk 0:58:56]} Nc7 {[%clk 0:45:31]} 51. Nb4
{[%clk 0:55:31]} d3 {[%clk 0:41:55]} 52. Nxa6 {[%clk 0:52:35]} N7xa6
{[%clk 0:41:47]} 53. Rd6 {[%clk 0:52:45]} Qb8 {[%clk 0:41:42]} 54. Qb2
{[%clk 0:52:51]} Qc8 {[%clk 0:40:42]} 55. Kg2 {[%clk 0:52:38]} Nxe4
{[%clk 0:37:46]} 56. fxe4 {[%clk 0:48:27]} Qxc4 {[%clk 0:34:21]} 57. Rxa6
{[%clk 0:41:05]} Qxa6 {[%clk 0:34:27]} 58. Qd2 {[%clk 0:41:09]} Qe6
{[%clk 0:34:14]} 59. Qxd3 {[%clk 0:41:14]} Qg4+ {[%clk 0:34:28]} 60. Kf1
{[%clk 0:41:13]} Qxh4 {[%clk 0:34:29]} 61. a6 {[%clk 0:40:50]} Qh1+
{[%clk 0:33:21]} 62. Ke2 {[%clk 0:41:01]} Qg2+ {[%clk 0:33:21]} 63. Kd1
{[%clk 0:41:19]} Qg1+ {[%clk 0:33:35]} 64. Kc2 {[%clk 0:41:36]} Qa7
{[%clk 0:32:29]} 65. Qe3 {[%clk 0:40:15]} Qc7+ {[%clk 0:32:00]} 66. Rc3
{[%clk 0:40:12]} Qa5 {[%clk 0:31:59]} 67. a7 {[%clk 0:40:27]} Kh7
{[%clk 0:31:16]} 68. Ra3 {[%clk 0:40:04]} Qc7+ {[%clk 0:30:56]} 69. Qc3
{[%clk 0:40:15]} Qb6 {[%clk 0:28:49]} 70. a8=Q {[%clk 0:40:17]} Qf2+
{[%clk 0:29:10]} 71. Qd2 {[%clk 0:40:19]} Qf1 {[%clk 0:29:07]} 72. Qad5 Bh6 73.
Q5d3 {[%clk 0:38:37]} Qf6 {[%clk 0:29:12]} 74. Ra6 {[%clk 0:38:23]} Qe7
{[%clk 0:29:01]} 75. Qa5 {[%clk 0:37:49]} Qg5 {[%clk 0:28:52]} 76. Qf1
{[%clk 0:37:44]} Bg7 {[%clk 0:25:03]} 77. Qd5 {[%clk 0:36:37]} Qe3
{[%clk 0:23:27]} 78. Qdc4 {[%clk 0:35:04]} 1-0